000 00429cam a2200181ua 4500
001 8891
008 150218n ii |||gr||||Z||||||eng
040 _cMAIN
041 _aeng
082 _a820
100 _aDutta, K.,
_eAuthor.
245 1 _aHistory of english literature
_cBy K. Dutta
250 _a1st.
260 _aCalcutta:
_bArun,
_c1994.
300 _a712p.
653 _aEnglish.& Old English literatures
942 _cBK
999 _c7985
_d7985